University Home | Library Home | Institutional Repository

Le Confort intellectuel. (Record no. 94699)

MARC details
000 -LEADER
fixed length control field 00636cam0a220021700 4500
001 - CONTROL NUMBER
control field qcf00195352
005 - DATE AND TIME OF LATEST TRANSACTION
control field 20190819084217.0
008 - FIXED-LENGTH DATA ELEMENTS--GENERAL INFORMATION
fixed length control field 781214c19671949fr 000 0 fre
010 ## - LIBRARY OF CONGRESS CONTROL NUMBER
LC control number 68083597
035 ## - SYSTEM CONTROL NUMBER
System control number (Sirsi) r84369
035 ## - SYSTEM CONTROL NUMBER
System control number (QCAT)lss02166752
035 ## - SYSTEM CONTROL NUMBER
System control number (UPRA)qcf00195352
040 ## - CATALOGING SOURCE
Modifying agency UPRA
050 ## - LIBRARY OF CONGRESS CALL NUMBER
Classification number PQ2601.Y5
Item number C6 1967
100 1# - MAIN ENTRY--PERSONAL NAME
Personal name Ayme, Marcel, 1902-1967.
Dates associated with a name Ayme, Marcel, 1902-1967.
Linkage A44263.1
245 13 - TITLE STATEMENT
Title Le Confort intellectuel.
260 ## - PUBLICATION, DISTRIBUTION, ETC.
Place of publication, distribution, etc. Paris :
Name of publisher, distributor, etc. Flammarion,
Date of publication, distribution, etc. [1967, c1949].
500 ## - GENERAL NOTE
General note First published in 1949.
949 ## - LOCAL PROCESSING INFORMATION (OCLC)
a PQ2601.Y5
w lcc
i -117328
m MAIN
t BOOK
l ON-SHELF

No items available.

© 2026 - The University of Zambia Library - Koha v25.11